LEADER 01354nam a2200289 u 4500 001 000000076513 003 CaOOAMICUS 005 20070226123223.0 008 031203s1985 it cf u000 u ita u 035 $a10978319 040 $aPUL(R)$bita 100 1 $aGnoli, Raniero,$d1930-$0(OLS)http://pul/name/37828 245 10$aRicordo di Giuseppe Tucci /$cRaniero Gnoli ; concontributi di Luciano Petech, Fabio Scialpi, Giovanna Galluppi Vallauri. 260 $aRoma :$bIstituto Italiano per il Medio ed Estremo Oriente,$c1985. 300 $a79 p., 1 c. di tav. :$britr. ;$c25 cm 490 1 $aSerie orientale Roma ;$v55 504 $aBibliografia: p. 57-79. 600 14$aTucci, Giuseppe,$d1894-1984.$0(OLS)http://pul/subject/26672 700 1 $aGalluppi Vallauri, Giovanna.$0(OLS)http://pul/name/50912 700 1 $aScialpi, Fabio.$0(OLS)http://pul/name/50911 700 1 $aPetech, Luciano.$0(OLS)http://pul/name/50908 830 0$aSerie orientale Roma ;$v55.$0(OLS)http://pul/title/88503 850 $aPUL 852 $aPUL$W1$xSL Filosofia 1$y2$m132 (1) C 2$j98291$nBK-PRI$b $qStampati$B98291$CPULBib$Z2$F98291 $HPUL58944 $81 941 1 $a8 996 $6245$aRicordo di Giuseppe Tucci$9(OLS)http://pul/title/100356 996 $6260$aRoma :$bIstituto Italiano per il Medio ed Estremo Oriente$9(OLS)http://pul/publisher/71417 LEADER 01093nam a2200253 a 4500 001 000000137170 003 CaOOAMICUS 005 20140128141041.0 008 140128s1963 fr u000 u fre r 040 $aPUL$bita 100 1 $aMaritain, Raïssa,$d1883-1960.$0(OLS)http://pul/name/15184 245 10$aJournal de Raïssa /$c[Raissa Maritain] ; publié par Jacques Maritain ; préface par René Voillaume. 260 $aParis :$bDesclée de Brouwer,$c1963. 300 $aXX, 383 p. ;$c21 cm 600 14$aMaritain, Raïssa,$d1883-1960$xBiografia.$0(OLS)http://pul/subject/22117 700 1 $aVoillaume, René,$csacerdote,$d1905-2003.$0(OLS)http://pul/name/36650 700 1 $aMaritain, Jacques,$d1882-1973.$0(OLS)http://pul/name/868 850 $aPUL 852 $aPUL$W1$xDP1 Fondo E. Rossi$y115$m5 A 15$j99707$qFondi$B157613$CPULBib$Z2$F157613 $82 941 1 $a1 961 $aSul dorso collocazione ms. di E. Rossi: Ma 21 996 $6245$aJournal de Raïssa$9(OLS)http://pul/title/173648 996 $6260$aParis :$bDesclée de Brouwer$9(OLS)http://pul/publisher/49456